00468nam a2200193 a 4500001001300000003000900013005001700022008004100039020001000080082001600090100002300106245001800129260003100147300000900178500003500187505001000222650001900232700002300251nice12345678IN_TiNIC20260116012550.0050524s1994 teha grp 000 0 ara  ac10000a492.75bSHA aShahabi, Ali Akber aUsool-Al-Nahu aTehranbNo Publisherc1994 a203p aincludes index and biblioraphy2 aIndex aArabic-Grammar1 aShahabi, Ali Akber